000 00682nam a22002177a 4500
003 UA-OsUOA
001 65868
007 ta
008 20091214b un ||||| |||| 00| 0 ukr d
100 _aЯстребов О.
090 _a94(477)
_bЯ85
942 _cSA
040 _aUA-OsUOA
_bukr
_cUA-OsUOA
_dUA-OsUOA
245 _aТа, що відродила гетьманство в Україні. До 300-річчя від дня народження імператриці Єлизавети Петрівни
300 _aС.8
955 _a0
041 _aukr
080 _a94(477)
773 0 _w65866
650 7 _a9 Географія. Біографії. Історія
_2UDC
999 _c352398
_d352398